Nghiên cứu khoa học sư phạm ứng dụng

Lí thuyết và phương pháp nghiên cứu cơ bản về khoa học sư phạm. Hướng dẫn áp dụng nghiên cứu khoa học sư phạm ứng dụng trong điều kiện thực tế Việt Nam

שמור ב:
מידע ביבליוגרפי
פורמט: ספר
שפה:Vietnamese
יצא לאור: H. Đại học Sư phạm 2010
נושאים:
תגים: הוספת תג
אין תגיות, היה/י הראשונ/ה לתייג את הרשומה!
Thư viện lưu trữ: Trung tâm Học liệu Lê Vũ Hùng, Trường Đại học Đồng Tháp
LEADER 01774pam a22002658a 4500
001 00025683
005 20171026081022.0
008 110810s2010 ||||||viesd
041 0 # |a vie 
082 1 4 |a 370.7  |b NGH305C 
245 0 0 |a Nghiên cứu khoa học sư phạm ứng dụng 
260 # # |a H.  |b Đại học Sư phạm  |c 2010 
300 # # |a 146 tr.  |b minh hoạ  |c  27 cm. 
500 # # |a ĐTTS ghi: Bộ Giáo dục đào tạo. Dự án Việt - Bỉ 
504 # # |a Phụ lục: tr. 101-146 
520 3 # |a Lí thuyết và phương pháp nghiên cứu cơ bản về khoa học sư phạm. Hướng dẫn áp dụng nghiên cứu khoa học sư phạm ứng dụng trong điều kiện thực tế Việt Nam 
653 # # |a Nghiên cứu khoa học 
653 # # |a Sư phạm 
653 # # |a Ứng dụng 
852 # # |b Kho giáo trình  |j KGT.0032121, KGT.0032122, KGT.0032123, KGT.0032124, KGT.0032125, KGT.0032126, KGT.0032127, KGT.0032128, KGT.0032129, KGT.0032130, KGT.0032131, KGT.0032132, KGT.0032133, KGT.0032134, KGT.0032135, KGT.0032136, KGT.0032137, KGT.0032138, KGT.0032139, KGT.0032140, KGT.0032141, KGT.0032142, KGT.0032143, KGT.0032306, KGT.0032367, KGT.0034392 
852 # # |b Kho mượn  |j KGT.0032121 
852 # # |b Kho đọc  |j KD.0010615 
852 # # |j KGT.0032367  |j KGT.0032122  |j KGT.0032124  |j KGT.0032125  |j KGT.0032127  |j KGT.0032128  |j KGT.0032130  |j KGT.0032131  |j KGT.0032133  |j KGT.0032134  |j KGT.0032136  |j KGT.0032137  |j KGT.0032139  |j KGT.0032140  |j KGT.0032142  |j KGT.0034392  |j KD.0010615  |j KGT.0032123  |j KGT.0032126  |j KGT.0032129  |j KGT.0032132  |j KGT.0032135  |j KGT.0032138  |j KGT.0032141  |j KGT.0032143  |j KGT.0032121 
910 |d 10/08/2011 
980 # # |a Trung tâm Học liệu Lê Vũ Hùng, Trường Đại học Đồng Tháp